| 000 | 00454cam a22001814a 4500 | ||
|---|---|---|---|
| 005 | 20250605164244.0 | ||
| 008 | 250528s ||||||||||||||||||||||||d | ||
| 035 | _a21419 | ||
| 040 |
_aGR-AtMCL _bgre _dGR-AtMCL _eAACR2 |
||
| 245 | 1 | _aΗ ΓΛΩΣΣΑ ΠΡΟΓΡΑΜΜΑΤΙΣΜΟΥ COBOL | |
| 250 | _a2 | ||
| 260 |
_bΓκιουρδας, _c1981 |
||
| 300 | _a488 | ||
| 700 | 1 |
_aCarver Keith _97458 |
|
| 942 | _cBK | ||
| 999 |
_c6481 _d6481 |
||